Κτίριο [και] περιβάλλον : αρχιτεκτονική, ενεργειακά συστήματα, νέες τεχνολογίες, εφαρμογές, οικονομικά εργαλεία & αγορά, νομοθεσία & θεσμοί
Saved in:
| Main Author: | |
|---|---|
| Format: | Book |
| Language: | Greek |
| Published: |
Αθήνα :
Παπασωτηρίου,
2005
|
| Subjects: | |
| Tags: |
Add Tag
No Tags, Be the first to tag this record!
|
MARC
| LEADER | 00000nam a2200000 i 4500 | ||
|---|---|---|---|
| 001 | 1/72241 | ||
| 008 | 080124s2005 gre d | ||
| 020 | |a 960-7530-60-8 | ||
| 035 | |l 10094095 | ||
| 040 | |a GR-MY-UA |b gre |e aacr | ||
| 041 | 0 | |a gre | |
| 082 | 0 | |a 720.472 |2 (22) | |
| 100 | 1 | |a Ευθυμιόπουλος, Ηλίας. | |
| 245 | 1 | 0 | |a Κτίριο [και] περιβάλλον : |b αρχιτεκτονική, ενεργειακά συστήματα, νέες τεχνολογίες, εφαρμογές, οικονομικά εργαλεία & αγορά, νομοθεσία & θεσμοί / |c Ηλίας Ευθυμιόπουλος ; συνεργάστηκαν Κώστας Μπαλαράς Στέλιος Ψωμάς Προκόπης Γαβριήλ |
| 260 | |a Αθήνα : |b Παπασωτηρίου, |c 2005 | ||
| 300 | |a xiii, 149 σ.; |b εικ., σχέδια; |c 24 εκ. | ||
| 504 | |a Βιβλιογραφία: σ. 147-149 | ||
| 650 | 0 | 0 | |a Architecture |x Environmental aspects. |
| 650 | 0 | 0 | |a Architecture and energy conservation. |
| 650 | 0 | 0 | |a Urban ecology. |
| 650 | 0 | 0 | |a Buildings |x Energy conservation. |
| 650 | 0 | 0 | |a Bioclimatology. |
| 700 | 1 | |a Μπαλαράς, Κώστας. |4 asn | |
| 700 | 1 | |a Ψωμάς, Στέλιος. |4 asn | |
| 700 | 1 | |a Γαβριήλ, Προκόπης. |4 asn | |
| 852 | |a INST |b LESVOS |e 20080124 |h 720.472 ΕΥΘ |p 005100040474 |q 005100040474 |t BK |y 0 | ||
| 852 | |a INST |b LESVOS |e 20081031 |h 720.472 ΕΥΘ |p 005100043340 |q 005100043340 |t BK |y 0 | ||
| 901 | |a BIBL1-2008-1 | ||
| 901 | |a BIBL1-2008-3 | ||
| 909 | |a Λ |b 142001 | ||
| 909 | |a Λ |b 146157 | ||
| 922 | |a 1ΕΛΗ |b 200711 |c ΕΠΕΑΕΚ2/ΤΠ |d Σ. ΠΑΤΑΚΗΣ | ||
| 922 | |a 1ΕΛΗ |b 200802 |c ΕΠΕΑΕΚ2/ΠΤΕ |d Σ. ΠΑΤΑΚΗΣ | ||
| 970 | |a ΓΙΑΛΑΜΑ |b ΜΑΡΙΑ |z 2008/01/24 | ||